Fenómenos cósmicos /

Examinaremos la variedad de fenómenos cósmicos que han tenido efectos tanto positivos como negativos en la vida de nuestra Tierra.

Guardado en:
Autor Principal: Cohen, Douglas
Autor Corporativo: History Channel.
Formato: Deslizar
Publicado: Estados Unidos, 2007.
Series:El Universo
Materias:
Etiquetas: Agregar Etiqueta
Sin Etiquetas, Sea el primero en etiquetar este registro!
LEADER 00972ngm a22002895g 4500
001 CEM.cems023232
008 130507s2007##################0###0#####d
005 20250220150921.0
245 1 0 |a Fenómenos cósmicos /  |c Douglas Cohen. 
260 |a Estados Unidos,  |c 2007. 
300 |a 44'. 
490 0 |a El Universo 
500 |a Consultar en ventanilla. 
520 |a Examinaremos la variedad de fenómenos cósmicos que han tenido efectos tanto positivos como negativos en la vida de nuestra Tierra. 
538 |a Soporte: DVD - Color: Si - Grabación DRD 
590 |a Identificación anterior registrada en SIABUC: DVD Nº101 
100 1 |a Cohen, Douglas 
710 2 |a History Channel. 
082 5 2 |/ COH-3.1 
653 |a ASTRONOMÍA 
653 |a COSMOS 
653 |a PLANETA TIERRA 
653 |a UNIVERSO 
653 |a NIVEL SECUNDARIO 
653 |a SERIE 
653 |a DOCUMENTAL 
859 |a CEMS  |b BIB. CEMS - Depto. Recursos Didacticos  |h 520  |i COH-3.1  |k DRD  |p 1875.13  |t Ej.1